Statistiche per Riconosci il Calciatore - Quiz n°1210

Clicka qui per fare il quiz!

Statistiche generali

  • Questo quiz è stato fatto 4 volte
  • Il punteggio medio è 13 su 20

Statistiche sulle risposte

IndizioRisposta% Corretto
Data di nascita28/11/1977
100%
RuoloDifensore / Centrocampista
100%
NazionalitàItalia
100%
Trofei per clubCampionato italiano di Serie B: 1
Palermo: 2003-2004
Supercoppa italiana: 1
Inter: 2006
Campionato italiano: 2
Inter: 2006-2007
Juventus: 2011-2012
Supercoppa francese: 1
Olympique Lione: 2007
Campionato francese: 1
Olympique Lione: 2007-2008
Coppa di Francia: 1
Olympique Lione: 2007-2008
Coppa Intertoto UEFA: 1
Perugia: 2003
75%
Trofei per nazionaliCampionato mondiale: 1
Germania 2006
75%
Squadra di club 5Inter 2006-2007
75%
Squadra di club 7Juventus 2009-2012
75%
Squadra di club 6Olympique Lione 2007-2009
75%
Squadra di club 4Palermo 2004-2006
75%
Squadra di club 3Perugia 2001-2004
75%
Trofei individuali0
50%
Altezza190 cm
50%
Gol in nazionale4
50%
Presenze in nazionale48
50%
Presenze nei club540
50%
Gol nei club81
50%
Peso82 kg
50%
Squadra di club 2Chieti 1998-2001
50%
CalciatoreFabio Grosso
50%
Squadra di club 1Renato Curi 1994-1998
50%

Distribuzione punteggi

Percentile per numero di risposta

Percentuale di utenti per punteggio

I tuoi punteggi nel tempo

Non hai fatto questo quiz